Statistics for Famous Numbers

Click here to take the quiz!

General Stats

  • This quiz has been taken 21 times
  • The average score is 3 of 9

Answer Stats

HintAnswer% Correct
3.1415Pi
100%
1 1 2 3 5 8 13 21 . . .Fibonacci Sequence
68%
2.718Euler's Number
63%
6.02 x 10^23Avogadro's Constant
37%
299792458Light Speed
26%
6.626 x 10^-34Planck Constant
26%
1.41421Pythagoras Constant
16%
1.38 x 10^-23Boltzman Constant
5%
96485.309Faraday Constant
5%

Score Distribution

Percentile by Number Answered

Percent of People with Each Score

Your Score History

You have not taken this quiz